000 00502nam a22001577a 4500
003 LK-CoDNM
005 20240911135506.0
008 240809b |||||||| |||| 00| 0 eng d
040 _aLK-CoDNM
_dLK-CoDNM
_eLK-CoDNM
041 _hSinhala,English
080 _bGP1966-67st-Vol.71
245 _aපාර්ලිමේන්තුව විවාද හැන්සාඩ් 71 කාණ්ඩය 1966-67
260 _aColombo
_bGoverment Press
_c1966-67
300 _b2399p. : 24 cm
942 _cBK
999 _c146947
_d146947